MARC보기
LDR00000nam k2200205 c 4500
001000000178911
00520140422170430
007ta
008121228c20132012ggk 000af kor
020 ▼a 9788954619585 ▼g 04860: ▼c \8500
0201 ▼a 9788954609012(세트)
040 ▼a 248032 ▼c 248032 ▼d 248032
0411 ▼a kor ▼h fre
0490 ▼l EM85909
056 ▼a 863 ▼2 4
090 ▼a 863 ▼b 에297ㄷ2
1001 ▼a 에르노, 아니
24510 ▼a 단순한 열정 / ▼d 아니 에르노 지음;, ▼e 최정수 옮김.
250 ▼a 개정판.
260 ▼a 파주 : ▼b 문학동네, ▼c 2013(c2012).
300 ▼a 95 p. ; ▼c 21 cm.
44000 ▼a 세계문학전집 ; ▼v 099
50710 ▼a Ernaux, Annie
50710 ▼t Passion simple
653 ▼a 단순 ▼a 열정 ▼a 프랑스문학 ▼a 세계문학 ▼a 프랑스소설
7001 ▼a 최정수
9500 ▼b \8500
990 ▼a 관리자2 ▼b 관리자2